The motherhood wage penalty by work conditions: how do occupational characteristics hinder or empower mothers? (Record no. 116305)

000 -LEADER
fixed length control field 00518pab a2200181 454500
008 - FIXED-LENGTH DATA ELEMENTS--GENERAL INFORMATION
fixed length control field 180718b2017 xxu||||| |||| 00| 0 eng d
100 ## - MAIN ENTRY--PERSONAL NAME
Personal name Yu, Wei-hsin
245 ## - TITLE STATEMENT
Title The motherhood wage penalty by work conditions: how do occupational characteristics hinder or empower mothers?
260 ## - PUBLICATION, DISTRIBUTION, ETC.
Date of publication, distribution, etc. 2017
300 ## - PHYSICAL DESCRIPTION
Extent p.744-769.
362 ## - DATES OF PUBLICATION AND/OR SEQUENTIAL DESIGNATION
Dates of publication and/or sequential designation Aug
650 ## - SUBJECT ADDED ENTRY--TOPICAL TERM
Topical term or geographic name entry element Working conditions
650 ## - SUBJECT ADDED ENTRY--TOPICAL TERM
Topical term or geographic name entry element Mothers
650 ## - SUBJECT ADDED ENTRY--TOPICAL TERM
Topical term or geographic name entry element Wages
700 ## - ADDED ENTRY--PERSONAL NAME
Personal name Kuo, Janet Chen-Lan
773 ## - HOST ITEM ENTRY
Main entry heading American Sociological Review
909 ## -
-- 116311
Holdings
Withdrawn status Lost status Damaged status Not for loan Permanent Location Current Location Date acquired Serial Enumeration / chronology Barcode Date last seen Price effective from Koha item type
        Indian Institute of Public Administration Indian Institute of Public Administration 2018-07-19 Volume no: 82, Issue no: 4 AR116771 2018-07-19 2018-07-19 Articles

Powered by Koha